[Event "VIE-ch U11"]
[Site "Ho Chi Minh City"]
[Date "2014.07.15"]
[Round "5"]
[White "Do, Hoang Quoc Bao"]
[Black "Le, Phuc Nguyen"]
[Result "1/2-1/2"]
[WhiteElo "1991"]
[BlackElo "1942"]
[PlyCount "87"]
[EventDate "2014.07.13"]
[EventType "swiss"]
[EventRounds "9"]
[EventCountry "VIE"]
[SourceTitle "EXT 2016"]
[Source "ChessBase"]
[SourceDate "2015.10.08"]
[SourceVersion "1"]
[SourceVersionDate "2015.10.08"]
[SourceQuality "1"]

1. e4 c5 2. Nf3 e6 3. d4 cxd4 4. Nxd4 a6 5. c4 Nf6 6. Bd3 Qc7 7. Be3 Nc6 8. 0-0 Be7 9. Nc3 0-0 10. Rc1 d6 11. f3 Bd7 12. Nd5 Qd8 13. Nxe7+ Qxe7 14. Nxc6 Bxc6 15. Qe2 Rfe8 16. Qf2 Rad8 17. Bb6 Rd7 18. Rfd1 h6 19. b4 Ba4 20. Re1 Rc8 21. a3 Qe8 22. Bc2 Bxc2 23. Rxc2 Qf8 24. Rd1 Qe8 25. Qe2 Rc6 26. Ba5 b6 27. b5 axb5 28. Bb4 bxc4 29. Rxc4 Rxc4 30. Qxc4 d5 31. exd5 Rxd5 32. Rc1 b5 33. Qc8 Rd1+ 34. Kf2 Rxc1 35. Qxc1 Nd5 36. Qc5 Qb8 37. g3 f6 38. Qc6 Qb6+ 39. Qxb6 Nxb6 40. Ke3 Kf7 41. Kd4 Na4 42. f4 g6 43. g4 Ke8 44. h4 1/2-1/2

[Event "VIE-ch U11"]
[Site "Ho Chi Minh City"]
[Date "2014.07.13"]
[Round "2"]
[White "Hoang, Trong Minh Quang"]
[Black "Le, Phuc Nguyen"]
[Result "1-0"]
[WhiteElo "1459"]
[BlackElo "1942"]
[PlyCount "37"]
[EventDate "2014.07.13"]
[EventType "swiss"]
[EventRounds "9"]
[EventCountry "VIE"]
[SourceTitle "EXT 2016"]
[Source "ChessBase"]
[SourceDate "2015.10.08"]
[SourceVersion "1"]
[SourceVersionDate "2015.10.08"]
[SourceQuality "1"]

1. d4 d5 2. c4 c6 3. cxd5 cxd5 4. Nc3 a6 5. Nf3 Nc6 6. Bf4 Bf5 7. Qb3 Be4 8. Qxb7 Qc8 9. Qxc8+ Rxc8 10. e3 Nb4 11. Kd2 Rc6 12. Ne5 Rf6 13. a3 Nc2 14. Nxe4 Nxa1 15. Nxf6+ exf6 16. Nc6 g5 17. Bg3 Ne7 18. Na5 Kd7 19. Bxa6 1-0